La avaricia: pasión por tener

Este libro trata de la avaricia, pecado capital que raramente se manifiesta como tal. Con frecuencia adopta el aspecto de la avidez, de la codicia, del ansia, de la usura, de la concupiscencia, del hambre de riquezas, de la tacañería o de la mezquindad. A partir de lo molesto que resulta la avaricia...

Full description

Bibliographic Details
Main Author: Zamagni, Stefano 1943-
Format: Libro
Language:Spanish
Published: Madrid: Antonio Machado Libros, 2013.
Series:Pecados capitales
Subjects:
Online Access:

MARC

LEADER 00000cam a22000007a 4500
003 UAHC
005 20190731064435.0
008 180130s2013 sp |||| |||| 00| 0 spa d
952 |0 0  |1 0  |2 ddc  |4 0  |6 178_000000000000000_ZAM  |7 0  |8 COMP  |9 89391  |a BC  |b BC  |c General  |d 2018-01-30  |e Donación  |g 0.00  |l 0  |o 178 ZAM  |p 1442778  |r 2026-01-07 00:00:00  |t c.1  |v 0.00  |w 2018-01-30  |y BK  |B CSPOL 
999 |c 50277  |d 50277 
020 |a 9788477741541 
035 |a CENTRAL 
040 |a UAHC_CL  |c UAHC_CL  |d UAHC_CL 
082 |2 21  |a 178  |b Z23 
100 |9 1941  |a  Zamagni, Stefano  |d 1943- 
245 |a La avaricia:   |b pasión por tener  |c Stefano Zamagni.  
260 |a Madrid:  |b Antonio Machado Libros,  |c 2013. 
300 |a 156 p. 
440 |9 1942  |a Pecados capitales 
520 |a Este libro trata de la avaricia, pecado capital que raramente se manifiesta como tal. Con frecuencia adopta el aspecto de la avidez, de la codicia, del ansia, de la usura, de la concupiscencia, del hambre de riquezas, de la tacañería o de la mezquindad. A partir de lo molesto que resulta la avaricia de los otros, el avaro puede deducir lo que los demás sienten con respecto a él. En interés de su amor propio, el avaro se ve empujado a comportarse como si no lo fuera. 
650 0 |9 1943  |a Pecados mortales 
650 0 |9 1944  |a Avaricia 
650 0 |a  Consumo (economía)  |x  Aspectos morales y éticos  |9 1947 
942 |2 ddc  |c BK